000 01808nkm a2200373 i 4500
001 3110
003 ES-MaACL
005 20250824003214.0
007 khrbo
008 041118s1982 sp --- g |001||spa d
100 0 _aAlfonso,
_d1902-1990
_919858
245 1 0 _aMúsica y cultura popular en México
_b: ; Concierto por el Quinteto de viento Koan [
_hFotografía] /
_cAlfonso (sello).
260 _a[S.l. :
_bs.n.],
_c1982.
300 _a6 fot. :
_bb. y n. ;
_c12 x 18 cm.
490 1 _aFestival Hispano-Mexicano de Música Contemporánea (9º. 1982. Madrid
500 _aDatos basados en invitación.
511 0 _aIntervienen: Hugo Gutiérrez Vega, Quinteto de viento Koan (Rafael Revert, José García, Adolfo Garcés, Peregrín Caldés, Rafael Angel)
518 _aActo organizado por la Sección de Música del Ateneo de Madrid, celebrado en el salón de actos el lunes 25 de octubre de 1982, a las 19:00 h.
600 1 4 _aGutiérrez Vega, Hugo.
_961235
600 1 4 _aRevert Cros, Rafael.
_996414
600 1 4 _aGarcía, José
_c(músico)
_954052
600 1 4 _aGarcés, Adolfo.
_953963
600 1 4 _aCaldés, Peregrín.
_933638
600 1 4 _aÁngel Navarro, Rafael.
_921706
610 2 4 _aQuinteto de viento Koan.
_96279
610 2 4 _aAteneo de Madrid-
_xActos culturales-
_y1982-
_vFotografías.
_91894
710 2 _aAteneo de Madrid.
_bSección de Música.
_92004
740 0 _aConcierto por el Quinteto de viento Koan.
830 0 0 _aFestival Hispano-Mexicano de Música Contemporánea (9º. 1982. Madrid)
_9176706
852 _aES-MaACL
_jFOT 55/1982
856 4 _uhttp://www.ateneodemadrid.net/biblioteca_digital/imagenes/1982/0055_01-1982.jpg
_zVer imagen
856 4 _uhttp://www.ateneodemadrid.net/biblioteca_digital/imagenes/1982/0055_02-1982.jpg
_zVer imagen
999 _c3110
_d3110